000
00288nam a22001337a 4500
008
170913b xxu||||| |||| 00| 0 eng d
020
_a
9780201172850
041
_a
eng
080
_2
7TH
_a
53
100
_a
43
101
_a
FIZ
245
_a
COLLEGE PHYSICS
_c
SEARS,F.W
942
_2
udc
_c
BK
999
_c
27435
_d
27435